000 00686nam a2200217Ia 4500
005 20250507130349.0
008 008 250505s9999 xx 000 0 eng d
020 _a0-8014-4010-6
037 _aAnnuals, Advances
040 _aEASL
_beng
_cEASL
041 _aeng
_2eng
084 _aV42:197918.N9, P2
_qEASL
100 _aRoth Joshua Hotaka Au.
_9665329
245 0 _aBrokered Homeland japanese brazilian migrants in Japan
260 _aUSA
_bIthaca Cornell University press
_c2002
300 _aix,161p.
365 _aY
_b2,788
490 _aAnthropolgy on Contemporary issues
942 _cTEXL
_hV42:197918.N9, P2
999 _c1319252
_d1319252